|
|
|
|
| LEADER |
01587nam a22003734a 4500 |
| 001 |
44615 |
| 003 |
BD-DhAAL |
| 005 |
20250819104421.0 |
| 008 |
250814t2008 nyu 000 0aeng |
| 010 |
|
|
|a 2007033251
|
| 020 |
|
|
|a 9780061551833
|q englishhardcover : alk. paper
|
| 020 |
|
|
|a 006155183X
|
| 035 |
|
|
|a 14967587
|
| 035 |
|
|
|a (OCoLC)166255073
|
| 040 |
|
|
|a DLC
|c DLC
|d BAKER
|d BTCTA
|d YDXCP
|d IK2
|d UPZ
|d WIQ
|d C#P
|d DLC
|d BD-DhAAL
|
| 041 |
1 |
|
|a eng
|h spa
|
| 042 |
|
|
|a pcc
|
| 043 |
|
|
|a s-cl---
|
| 050 |
0 |
0 |
|a PQ8098.1.L54
|b Z46 2008
|
| 082 |
0 |
0 |
|a 863.64
|a B
|2 22
|
| 100 |
1 |
|
|a Allende, Isabel.
|9 59090
|
| 240 |
1 |
0 |
|a Suma de los dias.
|l English
|
| 245 |
1 |
4 |
|a The sum of our days /
|c Isabel Allende ; translated from the Spanish by Margaret Sayers Peden.
|
| 260 |
|
|
|a New York, NY :
|b HarperCollins,
|c c2008.
|
| 300 |
|
|
|a 301 pages ;
|c 24 cm
|
| 541 |
|
|
|a Donated by Farhana Zahir, Assistant Professor, BRAC Business School, BRAC University
|e 44615
|
| 600 |
1 |
0 |
|a Allende, Isabel.
|9 59090
|
| 650 |
|
0 |
|a Authors, Chilean
|y 20th century
|v Biography.
|9 59091
|
| 650 |
|
0 |
|a Authors, Chilean
|y 20th century
|x Family relationships.
|9 59092
|
| 655 |
|
7 |
|a Biographies.
|
| 700 |
1 |
|
|a Peden, Margaret Sayers.
|9 59093
|
| 942 |
|
|
|2 ddc
|c BK
|
| 999 |
|
|
|c 47386
|d 47386
|
| 952 |
|
|
|0 0
|1 0
|2 ddc
|4 0
|6 863_640000000000000_ALL
|7 0
|9 78024
|a BRACUL
|b BRACUL
|c GEN
|d 2025-08-14
|e Donated by Farhana Zahir, Assistant Professor, BRAC Business School, BRAC University
|l 1
|m 10
|o 863.64 ALL
|p 3010044615
|r 2025-10-22
|s 2025-09-01
|t 1
|w 2025-08-14
|y BK
|x Donated by Farhana Zahir, Assistant Professor, BRAC Business School, BRAC University
|